00699nam a2200229Ia 4500003000900000005001700009008004100026040001300067040001300080041000800093100003500101245006200136250001000198260001500208260000900223300001100232300001000243490000600253942001200259999001700271952018100288IT-RoPAU20220918175740.0120407s9999 xx 000 0 und d aIT-RoPAU cIT-RoPAU afra aVladimir Serg. Soloviev935675 aLes fondaments spirituel de la vie. Trad. du russe. 2a ed aParis aCasterman  c1948 a195 p. c19 cm v1 cBK2ddc c28098d28098 00102ddc406248_72000000000000071aPAULUSbPAULUSd2012-04-11l0o248.72r2012-04-11 00:00:00w2012-04-11yBKzInserito da: In data: n.d. fondo: Via A.Severo 56 Progr:24111